FC Joueurs en I - Statistiques

Statistiques générales
  • Ce quiz a été pris 36 fois
  • Le résultat moyen est 5 sur 11
Statistiques - réponses
Poste Nationalité 2 Clubs phares Joueur % Correct
BU Suède PSG/AC Milan Zlatan Ibrahimovic
97%
MCD Espagne FC Barcelone/Vissel Kobe Andres Iniesta
84%
MC Espagne Réal Madrid/Bétis Séville Isco
84%
DCG Japon VFB Stuttgart/Bayern Münich Hiroki Ito
59%
DD Chili Juventus/OM Mauricio Isla
56%
G Uruguay Juventus/Sporting Lisbonne Franco Israël
28%
AG Espagne Bétis Séville/Bayer Leverkusen Borja Iglésias
25%
AD Paraguay FC Porto/AS Roma Juan Iturbe
22%
DG Brésil SC International/FC Augsburg Iago
19%
MCG Croatie Dinamo Zagreb/Feyenoord Rotterdam Luka Ivanusec
13%
DCD Autriche RB Leipzig/Eintracht Francfort Stefan Ilsanker
13%
Aucun quiz correspondant
Distribution des résultats
% des personnes avec chaque résultat
Percentile par nombre de réponses
Votre historique - résultats
Vous n’avez pas pris ce quiz